Представление документа в формате RUSMARC

ПолеНазваниеЗначение
  Тип записи a
  Библиографический уровень m
001 Контрольный номер UONB/MAIN/89534a90b5e14e7a952ce8a6a5b8eed3
005 Дата корректировки 20260513135031.3
100 Данные общей обработки __
a Данные общей обработки 20260513g1972 0rusy0189## ca
101 Язык документа 0_
a Язык текста rus
102 Страна публикации __
a Страна публикации RU
105 Кодированные данные (монография) __
a Кодированные данные (монография) a z 001yy
200 Заглавие и сведения об ответственности 1_
a Заглавие Производство листа
e Сведения, относящиеся к заглавию сборник статей
f Первые сведения об ответственности Министерство черной металлургии СССР, Донецкий научно-исследовательский институт черной металлургии
g Последующие сведения об ответственности редакторы К. Н. Ткалич [и др.]
203 Вид содержания и тип средства __
a Вид содержания Текст
b Характеристика содержания визуальный
c Тип средства непосредственный
210 Выходные данные 1_
a Место издания Москва
c Издательство Металлургия
d Дата издания 1972-1976
215 Физическое описание __
d Формат 20 см
702 Вторичная интеллектуальная ответственность _1
a Фамилия Ткалич
b Имя (инициалы) К. Н.
g Полное личное имя Константин Николаевич
4 Код отношения 340
712 Наименование организации (Вторичная ответственность) 02
a Организация/ юрисдикция Донецкий научно-исследовательский институт черной металлургии
4 Код отношения 570
801 Источник записи _0
a Страна RU
b Организация Ульяновская ОНБ
c Дата составления 20260513
g Правила каталогизации RCR
801 Источник записи _1
a Страна RU
b Организация Ульяновская ОНБ
c Дата составления 20260513
g Правила каталогизации RCR
901 Тип документа __
t Тип документа v
909 Создатель записи __
a Создатель записи Горбункова
b Дата создания записи 20260513